000 00738nam a22002297a 4500
005 20170124110241.0
010 _aA-071911
020 _c00.00
_a0521225639
035 _aA-071911
037 _bCen Lib/Ret
040 _aDPL
_bEN
082 _a133.4
_bBUT
100 _aButler, E. M.
_994959
245 _aRitual magic /
_cby E. M.Butler
260 _aCambridge
_bCambridge University Press
_c1949
270 _bCambridge
_aThe Pitt Building, Trumpington Street
300 _ax,328p.
_c20cm(Hb)
500 _aIncludes bibliographical references and index
650 _aFaust, -- -approximately 1540 -- Legends -- History and criticism
_994960
650 _aRitualism
_994961
942 _2ddc
_cEN
_h133.4
_mBUT
999 _c135178
_d135178